| 000 | 01555nam a2200385 i 4500 | ||
|---|---|---|---|
| 001 | 193612 | ||
| 003 | SpMaBN | ||
| 005 | 20240213123339.0 | ||
| 007 | ta | ||
| 008 | 240123s1993 sp | |||| ||spa | ||
| 016 | 7 |
_abimoBNE19930056214 _2SpMaBN |
|
| 017 |
_aM 1649-1993 _bOficina Depósito Legal Madrid |
||
| 020 | _a8400073304 | ||
| 035 | _a(OCoLC)434772538 | ||
| 035 | _abimo0000281091 | ||
| 040 |
_aSpMaBN _bspa _cSpMaBN _erdc _dES-MaACL |
||
| 080 | _a025.323 | ||
| 245 | 0 | 0 | _aLista de autores y entidades en la base de datos CIRBIC |
| 250 | _a3ª ed. | ||
| 260 |
_aMadrid : _bUnidad de Coordinación de Bibliotecas, Consejo Superior de Investigaciones Científicas, _c1992 [i.e.1993 ] |
||
| 300 |
_a2 v. ; _c30 cm |
||
| 336 |
_2rdacontent _aTexto |
||
| 337 |
_2rdamedia _asin mediación |
||
| 338 |
_2rdacarrier _avolumen |
||
| 490 | 1 |
_aPapel / PRIBIC ; _v26 |
|
| 505 | _at. 1. A-H .-- t. 2. I-Z | ||
| 650 | 7 |
_9175279 _aEncabezamientos de materia españoles |
|
| 710 |
_aConsejo Superior de Investigaciones Científicas (España). _bUnidad de Coordinación de Bibliotecas. _9175280 |
||
| 830 | 0 |
_aPapel (Consejo Superior de Investigaciones Científicas (España). Programa de Informatización de Bibliotecas) ; _v26 _9234929 |
|
| 852 |
_aES-MaACL _jA-15158 _bR.121435 _9201087 _cDES _dOlim: 025.43 LIS _pt.I |
||
| 852 |
_aES-MaACL _jA-15159 _9201088 _bR.121435 _cDES _dOlim: 025.43 LIS _pt.II |
||
| 942 |
_n0 _cMONOGRAFIA |
||
| 999 |
_c193612 _d193612 |
||